00719nam a2200205 i 450000100060000000300090000600500170001500700030003200800410003510000300007624500550010626000410016130000220020249000360022460000400026083000440030085200320034499900170037695201200039395490ES-MaACL20230906181722.0t|050530s1942 sp ||||1| spa d1 aLlampayas, José.97268210aJaime I, el Conquistador / cpor José Llampayas. aMadrid : bBiblioteca Nueva, c1942. a234 p. ; c21 cm.1 aColección españoles famosos04aJaime bI cRey de Aragón.9659340 aColección españoles famosos9232200 aES-MaACLjB-10279 bR.21676 c95490d95490 00104070aATENEOMbATENEOMcSPBd2008-01-17eSCl0oB-10279p1099710r2023-02-23 00:00:00w2023-02-23yMONOGRAFIA